000 00910nam a2200241 a 4500
001 000004079
005 20200929150709.0
008 090716s2006 dr ad r 000 0 spa d
020 _a9974777593
040 _aDO-SdBNP
082 _aR612
_bA535f
245 0 0 _aAnatomía y fisiología del cuerpo humano /
_cdirección Luís Roberto Barone ; redacción Adriana Graciela Cuenca.
246 1 4 _aAtlas de anatomía y funciones del cuerpo humano:
_btu cuerpo, tu mente y tu salud
260 _aMontevideo :
_bArquetipo Grupo Editorial,
_c2006.
300 _a200 p. :
_bil., diagrs. ;
_c34 cm +
_ecd-rom.
500 _aIncluye índice
650 4 _aAnatomía humana
_vATLAS
_912158
650 4 _aCuerpo humano
_vATLAS
_912159
650 4 _aFisiología
_vATLAS
_912160
700 1 _aBarone, Luís Roberto
_92225
700 1 _aCuenca, Adriana Graciela
_912161
910 _aValidado. Control de calidad BNPHU
999 9 9 _a1
_n0000045
_c3897
_d3897